Statistics for Glee - duets

Click here to take the quiz!

General Stats

  • This quiz has been taken 534 times
  • The average score is 59 of 61

Answer Stats

HintAnswer% Correct
Rachel - ArtieNo
100%
Rachel - MikeNo
100%
Rachel - KurtYes
100%
Rachel - WillYes
100%
Rachel - FinnYes
100%
Rachel - QuinnYes
100%
Rachel - SantanaYes
100%
Rachel - EmmaNo
99%
Rachel - KittyNo
99%
Rachel - ShelbyYes
99%
Rachel - JesseYes
99%
Rachel - MercedesYes
99%
Rachel - CasandraYes
99%
Rachel - MarleyYes
99%
Rachel - BrittanyNo
98%
Sam - BlaineYes
98%
Rachel - BlaineYes
98%
Rachel - NoahYes
98%
Rachel - TinaYes
98%
Rachel - BrodyYes
98%
Sam - KurtNo
97%
Rachel - SamNo
97%
Sam - BrittanyYes
97%
Sam - SanatanaYes
97%
Sam - RyderYes
97%
Sam - ArtieNo
96%
Jake - FinnNo
96%
Jake - NoahYes
96%
Brittany - SantanaYes
96%
Will - EmmaYes
96%
Ryder - WadeYes
96%
Ryder - JakeYes
96%
Jake - MarleyYes
96%
Brittany - MarleyYes
96%
Blaine - MarleyYes
96%
Blaine - ArtieYes
96%
Marley - KittyYes / No
96%
Tina - MercedesNo
95%
Mercedes - QuinnNo
95%
Finn - ShannonNo
95%
Lauren - RachelNo
95%
Finn - ArtieNo
95%
Rory - QuinnNo
95%
Rory - FinnNo
95%
Sebastian - BlaineNo
95%
Mercedes - BrittanyNo
95%
Matt - RachelNo
95%
Mercedes - SantanaYes
95%
Mike - ArtieYes
95%
Mercedes - SamYes
95%
Mike - TinaYes
95%
Sebatian - SantanaYes
95%
Noah - ShannonYes
95%
Joe - SamNo
94%
Quinn - NoahNo
94%
Quinn - BlaineNo
94%
Mercedes - NoahYes
94%
Joe - QuinnYes
94%
Quinn - SamYes
94%
Holly - WillYes
94%
Holly - RachelYes
93%

Score Distribution

Percentile by Number Answered

Percent of People with Each Score

Your Score History

You have not taken this quiz